[Event "Wch Seniors 50 29th"]
[Site "Bucharest"]
[Date "2019.11.23"]
[Round "11"]
[White "Wilkinson, Ian"]
[Black "Sielicki, Tomasz"]
[Result "1-0"]
[WhiteElo "1796"]
[BlackElo "2066"]
[PlyCount "65"]
[EventDate "2019.11.12"]
[EventType "swiss"]
[EventRounds "11"]
[EventCountry "ROU"]
[SourceTitle "CBM 193 Extra"]
[Source "ChessBase"]
[SourceDate "2020.01.31"]
[SourceVersion "1"]
[SourceVersionDate "2020.01.31"]
[SourceQuality "1"]

1. e4 e5 2. Nf3 Nc6 3. Bb5 f5 4. Nc3 fxe4 5. Nxe4 d5 6. Nxe5 dxe4 7. Nxc6 Qg5 8. Qe2 Nf6 9. Nxa7+ Bd7 10. Bxd7+ Nxd7 11. Nb5 0-0-0 12. 0-0 Bc5 13. d4 exd3 14. Qxd3 Qh5 15. Bf4 Ne5 16. Qc3 Ng4 17. b4 c6 18. bxc5 cxb5 19. c6 Rhf8 20. cxb7+ Kxb7 21. Qc7+ Ka8 22. Rab1 Rd5 23. Rb3 Rxf4 24. Qxf4 Kb7 25. a4 g5 26. Qg3 Ne5 27. Rxb5+ Rxb5 28. axb5 g4 29. Re1 Ng6 30. c4 Qf5 31. Qe3 Qd7 32. Qe4+ Kb6 33. Qe6+ 1-0

[Event "Wch Seniors 50 29th"]
[Site "Bucharest"]
[Date "2019.11.21"]
[Round "9"]
[White "Wilkinson, Ian"]
[Black "Breitkopf, Ioan Francisc"]
[Result "1/2-1/2"]
[WhiteElo "1796"]
[BlackElo "2016"]
[PlyCount "135"]
[EventDate "2019.11.12"]
[EventType "swiss"]
[EventRounds "11"]
[EventCountry "ROU"]
[SourceTitle "CBM 193 Extra"]
[Source "ChessBase"]
[SourceDate "2020.01.31"]
[SourceVersion "1"]
[SourceVersionDate "2020.01.31"]
[SourceQuality "1"]

1. e4 c5 2. Nf3 Nc6 3. d4 cxd4 4. Nxd4 Nf6 5. Nc3 e6 6. Nxc6 bxc6 7. Bd3 Qc7 8. Be3 d5 9. exd5 exd5 10. Qe2 Be7 11. Bc5 Be6 12. Bxe7 Qxe7 13. 0-0 0-0 14. Rfe1 Qb4 15. Rab1 Rfe8 16. a3 Qa5 17. Qd2 Rab8 18. Qf4 c5 19. Red1 Bg4 20. f3 Be6 21. h3 Rb7 22. Bf5 Reb8 23. Bxe6 fxe6 24. Qe3 Re8 25. Ne2 Qc7 26. Qg5 h6 27. Qd2 e5 28. Re1 e4 29. fxe4 dxe4 30. Nc3 Qe5 31. Re3 c4 32. Qe2 Qc5 33. Kh1 Rbe7 34. Re1 Re5 35. Qf2 Qb6 36. Rb1 Qc6 37. b3 cxb3 38. cxb3 Rc5 39. Qe1 a5 40. b4 axb4 41. axb4 Rg5 42. b5 Qb7 43. Rb4 Rge5 44. Qe2 R8e6 45. Qc4 Kh7 46. Qd4 Nd5 47. Nxd5 Rxd5 48. Qc4 Rd1+ 49. Kh2 Qb6 50. Rbb3 Qd6+ 51. g3 Rd4 52. Qf1 Rf6 53. Qg2 Re6 54. b6 Rb4 55. b7 Qb6 56. Qb2 Qxe3 57. Rxb4 Rd6 58. h4 Rd2+ 59. Kh3 Rxb2 60. Rxb2 Qf3 61. b8Q Qh1+ 62. Kg4 Qf3+ 63. Kh3 Qh1+ 64. Kg4 Qf3+ 65. Kh3 Qh1+ 66. Rh2 Qf1+ 67. Rg2 Qh1+ 68. Rh2 1/2-1/2

[Event "Wch Seniors 50 29th"]
[Site "Bucharest"]
[Date "2019.11.16"]
[Round "5"]
[White "Wilkinson, Ian"]
[Black "Gebhardt, Uwe"]
[Result "1-0"]
[WhiteElo "1796"]
[BlackElo "1943"]
[PlyCount "53"]
[EventDate "2019.11.12"]
[EventType "swiss"]
[EventRounds "11"]
[EventCountry "ROU"]
[SourceTitle "CBM 193 Extra"]
[Source "ChessBase"]
[SourceDate "2020.01.31"]
[SourceVersion "1"]
[SourceVersionDate "2020.01.31"]
[SourceQuality "1"]

1. e4 g6 2. d4 Bg7 3. Nc3 d6 4. Be3 c6 5. Qd2 Nd7 6. f3 b5 7. Nh3 Nb6 8. Nf2 Bb7 9. Be2 Nc4 10. Bxc4 bxc4 11. 0-0 Nf6 12. Bh6 0-0 13. Bxg7 Kxg7 14. f4 Qa5 15. Qe3 Qh5 16. h3 c5 17. d5 e6 18. dxe6 fxe6 19. Rad1 Rad8 20. Nb5 Ne8 21. Ng4 a6 22. Na3 Nf6 23. Nxf6 Rxf6 24. e5 Rf7 25. exd6 Bd5 26. Nxc4 Rb7 27. Qxc5 1-0

[Event "JAM-ch Roper Memorial Seniors "]
[Site "Kingston"]
[Date "2017.08.13"]
[Round "6"]
[White "Wilkinson, Ian"]
[Black "Wheeler, Robert"]
[Result "1/2-1/2"]
[WhiteElo "1900"]
[BlackElo "2048"]
[PlyCount "30"]
[EventDate "2017.08.05"]
[EventType "tourn"]
[EventRounds "9"]
[EventCountry "JAM"]
[SourceTitle "CBM 180 Extra"]
[Source "ChessBase"]
[SourceDate "2017.10.06"]
[SourceVersion "1"]
[SourceVersionDate "2017.10.06"]
[SourceQuality "1"]

1. Nf3 Nf6 2. d4 c5 3. Bf4 cxd4 4. Qxd4 Nc6 5. Qd1 g6 6. g3 Qb6 7. Bc1 Ng4 8. e3 Bg7 9. c3 d6 10. Bg2 Nge5 11. Nd4 Qa6 12. Bf1 Qb6 13. Bg2 Qa6 14. Bf1 Qb6 15. Bg2 Qa6 1/2-1/2

[Event "JAM-ch 49th"]
[Site "Kingston"]
[Date "2017.01.18"]
[Round "5"]
[White "Lindo, Terence"]
[Black "Wilkinson, Ian"]
[Result "0-1"]
[WhiteElo "1681"]
[BlackElo "1902"]
[PlyCount "70"]
[EventDate "2017.01.07"]
[EventType "tourn"]
[EventRounds "11"]
[EventCountry "JAM"]
[SourceTitle "EXT 2020"]
[Source "ChessBase"]
[SourceDate "2019.10.17"]
[SourceVersion "1"]
[SourceVersionDate "2019.10.17"]
[SourceQuality "1"]

1. d4 Nf6 2. c4 g6 3. Nc3 Bg7 4. Bg5 d6 5. e3 Nbd7 6. Bd3 h6 7. Bxf6 Nxf6 8. Nge2 0-0 9. 0-0 e5 10. Qc2 Re8 11. Rac1 Nh7 12. d5 f5 13. f3 Qh4 14. Ng3 a6 15. Qf2 Bd7 16. Kh1 Rf8 17. Nge2 Qe7 18. Qg3 Be8 19. a3 Bf6 20. Qh3 Kg7 21. f4 e4 22. Bb1 Bd7 23. g3 Rh8 24. Qg2 Rag8 25. Nd1 Ba4 26. Nec3 Bd7 27. Qd2 g5 28. Ne2 Nf8 29. Ndc3 Ng6 30. b4 g4 31. Ba2 Rd8 32. Nd4 h5 33. Nce2 h4 34. Rg1 Rh6 35. Rg2 Rdh8 0-1

[Event "Wch Seniors 50 26th"]
[Site "Marianske Lazne"]
[Date "2016.11.27"]
[Round "8"]
[White "Dovzhenko, Viktor"]
[Black "Wilkinson, Ian"]
[Result "1-0"]
[WhiteElo "2171"]
[BlackElo "1885"]
[PlyCount "185"]
[EventDate "2016.11.19"]
[EventType "swiss"]
[EventRounds "11"]
[EventCountry "CZE"]
[SourceTitle "CBM 175 Extra"]
[Source "ChessBase"]
[SourceDate "2016.12.12"]
[SourceVersion "1"]
[SourceVersionDate "2016.12.12"]
[SourceQuality "1"]

1. e4 e5 2. Nf3 Nf6 3. Nxe5 d6 4. Nf3 Nxe4 5. d4 d5 6. Be2 Bd6 7. 0-0 0-0 8. c4 dxc4 9. Qc2 Bf5 10. Qxc4 Nd7 11. Nc3 Ndf6 12. Nb5 Be6 13. Qc2 Re8 14. Bd3 Bd5 15. Re1 h6 16. Nxd6 cxd6 17. Bf4 Qd7 18. h3 Rac8 19. Qd1 a6 20. a3 Rc6 21. Rc1 Rec8 22. Rxc6 Qxc6 23. Qb1 b5 24. Rc1 Qb7 25. Rxc8+ Qxc8 26. Qc2 Qb7 27. Ne1 Kf8 28. f3 Ng5 29. Bxd6+ Ke8 30. Be5 Nh5 31. f4 Ne6 32. Qf2 Qe7 33. Nc2 Nf6 34. Ne3 Bb7 35. Nf5 Qd7 36. Nxg7+ Nxg7 37. Bxf6 Nh5 38. Qe2+ Qe6 39. Qxe6+ fxe6 40. Be5 Ng3 41. Kf2 Ne4+ 42. Kg1 Kf7 43. g4 Nd2 44. Kf2 Nc4 45. Bxc4 bxc4 46. Kg3 Kg6 47. Bc7 Bc6 48. Bd8 Bb7 49. Kf2 h5 50. Ke3 Bg2 51. gxh5+ Kxh5 52. h4 Kg4 53. Bg5 Bh1 54. Kd2 Bg2 55. Kc3 Bf1 56. Kb4 Be2 57. Kc5 Kf5 58. d5 exd5 59. Kxd5 Kg4 60. Ke5 Bd3 61. Be7 Bg6 62. Bb4 Bd3 63. Bd2 Bg6 64. Kf6 Bd3 65. f5 Kxh4 66. Ke6 Kh5 67. f6 c3 68. bxc3 Kg6 69. Be3 Bc4+ 70. Ke5 Bb3 71. Bd4 Kf7 72. Bc5 Be6 73. Be7 Ba2 74. Kd4 Be6 75. c4 Ke8 76. c5 Kd7 77. Ke5 Bf7 78. Kf5 Kc6 79. Kg5 Kd7 80. Kh6 Bd5 81. Kg7 Ke8 82. c6 Bxc6 83. f7+ Kxe7 84. f8Q+ Ke6 85. Qf6+ Kd5 86. Kf7 Bb5 87. Ke7 Kc4 88. Kd6 Kb3 89. Kc5 Kxa3 90. Qc3+ Ka2 91. Qb4 Ka1 92. Kd4 Be8 93. Kc3 1-0

[Event "Wch Seniors 50 26th"]
[Site "Marianske Lazne"]
[Date "2016.11.19"]
[Round "1"]
[White "Wilkinson, Ian"]
[Black "Chan, Peng Kong"]
[Result "0-1"]
[WhiteElo "1885"]
[BlackElo "2233"]
[PlyCount "68"]
[EventDate "2016.11.19"]
[EventType "swiss"]
[EventRounds "11"]
[EventCountry "CZE"]
[SourceTitle "CBM 175 Extra"]
[Source "ChessBase"]
[SourceDate "2016.12.12"]
[SourceVersion "1"]
[SourceVersionDate "2016.12.12"]
[SourceQuality "1"]

1. e4 c5 2. Nc3 Nc6 3. Bb5 e6 4. Nf3 Nge7 5. 0-0 a6 6. Be2 Nd4 7. Re1 Nec6 8. a3 d6 9. Bf1 Be7 10. Nxd4 Nxd4 11. Ne2 Bf6 12. c3 Nxe2+ 13. Bxe2 0-0 14. d4 cxd4 15. cxd4 Qb6 16. d5 exd5 17. Qxd5 Bd4 18. Rf1 Be6 19. Qh5 Rac8 20. Bd3 Rc5 21. Qe2 Qb3 22. Rb1 Bg4 23. Qxg4 Qxd3 24. Bh6 f5 25. exf5 Rcxf5 26. Kh1 Rxf2 27. Rg1 Be5 28. Rbd1 Qf5 29. Qc4+ Kh8 30. Be3 Qh3 31. Bf4 Qh4 32. Rgf1 Bxf4 33. h3 Qg3 34. Kg1 Qxg2# 0-1

[Event "Kingston Roper Memorial"]
[Site "Kingston"]
[Date "2016.07.10"]
[Round "3"]
[White "Wilkinson, Ian"]
[Black "Wheeler, Robert"]
[Result "1/2-1/2"]
[WhiteElo "1874"]
[BlackElo "2016"]
[PlyCount "108"]
[EventDate "2016.07.09"]
[EventType "tourn"]
[EventRounds "10"]
[EventCountry "JAM"]
[SourceTitle "EXT 2018"]
[Source "ChessBase"]
[SourceDate "2017.10.13"]
[SourceVersion "1"]
[SourceVersionDate "2017.10.13"]
[SourceQuality "1"]

1. Nf3 Nf6 2. d4 c5 3. Bf4 cxd4 4. Qxd4 Nc6 5. Qd1 g6 6. g3 Bg7 7. c3 d6 8. Bg2 0-0 9. 0-0 Bd7 10. Nbd2 Rc8 11. e4 a6 12. h3 h6 13. Qe2 Nh5 14. Be3 Na5 15. Rfd1 Qc7 16. Nd4 b5 17. Rdc1 e5 18. N4b3 Nc4 19. Nxc4 bxc4 20. Nd2 Be6 21. b4 f5 22. exf5 Bxf5 23. Bd5+ Kh7 24. Bxc4 Bxh3 25. Bxa6 Qc6 26. f3 Nxg3 27. Qb5 Qxb5 28. Bxb5 Be6 29. Kg2 Nf5 30. Bf2 d5 31. a4 e4 32. fxe4 dxe4 33. Bc5 Rfd8 34. Nf1 Be5 35. a5 h5 36. a6 Bd5 37. Kf2 g5 38. Ra3 g4 39. Ne3 g3+ 40. Ke2 Nxe3 41. Kxe3 Ba8 42. Be2 h4 43. Be7 Bg7 44. Bg5 h3 45. Rh1 Rd5 46. Rxh3+ Kg6 47. Bf4 Bxc3 48. Rxg3+ Kf7 49. Bh5+ Rxh5 50. Rb3 Rd5 51. Kxe4 Rb5+ 52. Kd3 Bxb4 53. Rg5 Rxg5 54. Bxg5 Bc5 1/2-1/2

[Event "Kingston Millionaire qual"]
[Site "Kingston"]
[Date "2015.08.09"]
[Round "6"]
[White "Wilkinson, Ian"]
[Black "Wisdom, Daren"]
[Result "1-0"]
[WhiteElo "1875"]
[BlackElo "2004"]
[PlyCount "111"]
[EventDate "2015.08.05"]
[EventType "swiss"]
[EventRounds "6"]
[EventCountry "JAM"]
[SourceTitle "EXT 2018"]
[Source "ChessBase"]
[SourceDate "2017.10.13"]
[SourceVersion "1"]
[SourceVersionDate "2017.10.13"]
[SourceQuality "1"]

1. e4 e5 2. Nf3 Nc6 3. Bb5 f5 4. d3 d6 5. Nc3 Nf6 6. Bg5 h6 7. Bxf6 Qxf6 8. Nd5 Qd8 9. c3 fxe4 10. dxe4 Be7 11. Qa4 Bd7 12. 0-0-0 0-0 13. Qc4 Kh8 14. Bxc6 bxc6 15. Ne3 a5 16. h4 a4 17. Rd2 a3 18. b3 Ra5 19. Qd3 Be6 20. Nf5 Bxf5 21. exf5 Rd5 22. Qe4 Rxd2 23. Kxd2 d5 24. Qxe5 Bd6 25. Qe2 Rxf5 26. Re1 Rf8 27. Qe6 c5 28. Kc2 d4 29. cxd4 cxd4 30. Kd3 Qa8 31. Re4 Qc6 32. Qc4 Qxc4+ 33. Kxc4 c5 34. Re6 Rf6 35. Rxf6 gxf6 36. Ne1 Kg7 37. Nc2 Kg6 38. g4 f5 39. f3 h5 40. gxh5+ Kxh5 41. Nxa3 Kxh4 42. Nb5 Bb8 43. Kd3 Kg3 44. Ke2 f4 45. b4 d3+ 46. Kxd3 Kxf3 47. bxc5 Kg2 48. Nd4 Ba7 49. c6 Bb6 50. Ke4 Bxd4 51. c7 f3 52. c8Q f2 53. Qg4+ Kh1 54. Qh3+ Kg1 55. Kxd4 f1Q 56. Qxf1+ 1-0

[Event "Kingston Roper Memorial"]
[Site "Kingston"]
[Date "2015.07.26"]
[Round "6"]
[White "Wilkinson, Ian"]
[Black "Lindo, Terence"]
[Result "1-0"]
[WhiteElo "1875"]
[BlackElo "1658"]
[PlyCount "121"]
[EventDate "2015.07.19"]
[EventType "tourn"]
[EventRounds "9"]
[EventCountry "JAM"]
[SourceTitle "EXT 2018"]
[Source "ChessBase"]
[SourceDate "2017.10.13"]
[SourceVersion "1"]
[SourceVersionDate "2017.10.13"]
[SourceQuality "1"]

1. e4 c5 2. Nf3 g6 3. d4 cxd4 4. Nxd4 Nf6 5. Nc3 d6 6. Bc4 Bg7 7. f3 Bd7 8. Be3 Nc6 9. Qd2 Nxd4 10. Bxd4 Bc6 11. g4 a6 12. 0-0-0 b5 13. Bb3 a5 14. g5 Nh5 15. Bxg7 Nxg7 16. Bd5 Qc8 17. Nxb5 Bxd5 18. Qxd5 0-0 19. h4 Nh5 20. Kb1 a4 21. a3 Ra5 22. Qd3 Qb7 23. c4 Rb8 24. Rh2 Nf4 25. Qd2 Rxb5 26. cxb5 Ne6 27. h5 Qxb5 28. hxg6 Nxg5 29. gxh7+ Kh8 30. Rg2 Nxf3 31. Qh6 Qe5 32. Qe3 Nh4 33. Rg8+ Rxg8 34. hxg8Q+ Kxg8 35. Rd5 Qe6 36. Ra5 Qd7 37. Ra8+ Kg7 38. Qd4+ e5 39. Qxa4 Qh3 40. Qc4 Qe3 41. a4 Nf3 42. Qc2 Nd2+ 43. Ka2 Nxe4 44. Rb8 d5 45. Qg2+ Kf6 46. Rg8 Qd4 47. Qf3+ Ke7 48. a5 Nd2 49. Qc3 Qa4+ 50. Qa3+ Qxa3+ 51. Kxa3 Nc4+ 52. Kb4 Nxa5 53. Kxa5 e4 54. Kb4 e3 55. Kc5 f5 56. Kd4 e2 57. Rg1 f4 58. Re1 f3 59. Ke3 d4+ 60. Kxf3 d3 61. Ke3 1-0

[Event "Kingston Roper Memorial"]
[Site "Kingston"]
[Date "2015.07.25"]
[Round "4"]
[White "Wilkinson, Ian"]
[Black "Douglas, Markland"]
[Result "1-0"]
[WhiteElo "1875"]
[BlackElo "1871"]
[PlyCount "127"]
[EventDate "2015.07.19"]
[EventType "tourn"]
[EventRounds "9"]
[EventCountry "JAM"]
[SourceTitle "EXT 2018"]
[Source "ChessBase"]
[SourceDate "2017.10.13"]
[SourceVersion "1"]
[SourceVersionDate "2017.10.13"]
[SourceQuality "1"]

1. e4 c5 2. Nf3 d6 3. d4 cxd4 4. Nxd4 Nf6 5. Nc3 a6 6. Bc4 e6 7. Bb3 Be7 8. f4 Qc7 9. g4 Nc6 10. g5 Nxd4 11. Qxd4 Nh5 12. Be3 0-0 13. 0-0-0 b5 14. Rhf1 Bb7 15. f5 e5 16. Qd2 Kh8 17. Qe2 Nf4 18. Bxf4 exf4 19. Qh5 g6 20. Qh6 Rfc8 21. Rf3 Bf8 22. Qh4 h5 23. fxg6 fxg6 24. Qxf4 Qg7 25. Qe3 Be7 26. Rf7 Qe5 27. h4 Rf8 28. Rdf1 Rxf7 29. Rxf7 Rf8 30. Qf3 Rxf7 31. Qxf7 Qg7 32. Qe8+ Kh7 33. Bg8+ Kh8 34. Bd5+ Kh7 35. Bxb7 Bxg5+ 36. hxg5 Qxb7 37. Nd5 Kg7 38. Nf6 Qf7 39. Qxf7+ Kxf7 40. Kd2 Ke6 41. Ke3 Ke5 42. b4 h4 43. c3 d5 44. Ng4+ Ke6 45. Kd4 dxe4 46. Kxe4 h3 47. Nh2 Kd6 48. Kd4 Ke6 49. c4 bxc4 50. Kxc4 Kf5 51. a4 Kxg5 52. b5 axb5+ 53. axb5 Kf4 54. b6 Kg3 55. Nf1+ Kg2 56. Ne3+ Kf3 57. b7 Kxe3 58. b8Q Kf3 59. Qh2 Kg4 60. Kd4 g5 61. Ke3 Kh4 62. Kf3 g4+ 63. Kf4 Kh5 64. Qg3 1-0

[Event "Kingston President's Inv"]
[Site "Kingston"]
[Date "2015.04.21"]
[Round "7"]
[White "Wilkinson, Ian"]
[Black "Diedrick, Michael"]
[Result "1/2-1/2"]
[WhiteElo "1875"]
[BlackElo "1891"]
[PlyCount "50"]
[EventDate "2015.04.15"]
[EventType "tourn"]
[EventRounds "11"]
[EventCountry "JAM"]
[SourceTitle "CBM 166 Extra"]
[Source "ChessBase"]
[SourceDate "2015.06.18"]
[SourceVersion "1"]
[SourceVersionDate "2015.06.18"]
[SourceQuality "1"]

1. d4 Nf6 2. c4 e6 3. Nc3 d5 4. g3 Be7 5. Bg2 0-0 6. cxd5 exd5 7. Nf3 c6 8. 0-0 Bg4 9. Qc2 Nbd7 10. h3 Bh5 11. Bf4 Bg6 12. Qd2 Ne4 13. Qc1 Nxc3 14. Qxc3 Be4 15. Rfd1 Bf6 16. Ne5 Bxg2 17. Kxg2 Nxe5 18. dxe5 Bg5 19. Be3 Bxe3 20. Qxe3 Re8 21. f4 Qd7 22. Qd3 Rad8 23. Rd2 c5 24. Rc1 b6 25. e3 h6 1/2-1/2

[Event "JAM-ch"]
[Site "Kingston"]
[Date "2015.02.04"]
[Round "11"]
[White "Myers, Peter"]
[Black "Wilkinson, Ian"]
[Result "0-1"]
[WhiteElo "1984"]
[BlackElo "1889"]
[PlyCount "98"]
[EventDate "2015.01.17"]
[EventType "tourn"]
[EventRounds "11"]
[EventCountry "JAM"]
[SourceTitle "CBM 164 Extra"]
[Source "ChessBase"]
[SourceDate "2015.03.02"]
[SourceVersion "1"]
[SourceVersionDate "2015.03.02"]
[SourceQuality "1"]

1. d4 d5 2. Nf3 Nf6 3. g3 Bf5 4. Bg2 e6 5. 0-0 h6 6. c3 Bd6 7. Nbd2 0-0 8. Ne1 Nbd7 9. f3 Bh7 10. e4 dxe4 11. fxe4 e5 12. Nd3 Re8 13. Qb3 Rb8 14. Re1 Bf8 15. Nf3 exd4 16. cxd4 Rxe4 17. Be3 Re6 18. Nde5 Qe8 19. Bh3 Rb6 20. Qc4 Rxb2 21. Bxd7 Nxd7 22. Qxc7 Nxe5 23. Nxe5 Rc2 24. Qa5 Qe6 25. Bf4 b5 26. Nf3 Qd5 27. Rf1 Re8 28. Rae1 Rxe1 29. Qxe1 Be4 30. Qd1 Qxa2 31. Nd2 Bd3 32. Rf2 Bb4 33. Qf3 Qa1+ 34. Kg2 Qxd4 35. Be3 Qd7 36. Ne4 Rxf2+ 37. Nxf2 Bc4 38. Qa8+ Kh7 39. Qe4+ g6 40. Qh4 Qd5+ 41. Kg1 Qh5 42. Qf4 Bc5 43. g4 Bxe3 44. Qxe3 Qg5 45. Qxa7 Qc1+ 46. Kg2 Bd5+ 47. Kg3 Qc3+ 48. Kh4 g5+ 49. Kh5 Qc2 0-1

[Event "JAM-ch"]
[Site "Kingston"]
[Date "2015.01.28"]
[Round "7"]
[White "Wilkinson, Ian"]
[Black "Elliott, Warren"]
[Result "0-1"]
[WhiteElo "1889"]
[BlackElo "2240"]
[PlyCount "90"]
[EventDate "2015.01.17"]
[EventType "tourn"]
[EventRounds "11"]
[EventCountry "JAM"]
[SourceTitle "CBM 164 Extra"]
[Source "ChessBase"]
[SourceDate "2015.03.02"]
[SourceVersion "1"]
[SourceVersionDate "2015.03.02"]
[SourceQuality "1"]

1. Nf3 Nf6 2. g3 b6 3. Bg2 Bb7 4. d4 c5 5. dxc5 bxc5 6. 0-0 g6 7. c4 Bg7 8. Nc3 0-0 9. Qc2 d6 10. e4 Nc6 11. Rd1 Qa5 12. Bd2 Nb4 13. Qb1 Qa6 14. a3 Nc6 15. Nb5 Qb6 16. Qc2 a6 17. Nc3 Na5 18. Nd5 Bxd5 19. exd5 Nb3 20. Rab1 Rfb8 21. Bc3 Ra7 22. Re1 a5 23. Re2 Qa6 24. Qd3 a4 25. Rbe1 Kf8 26. h3 h6 27. Re3 Qc8 28. Qe2 Ng8 29. Bxg7+ Kxg7 30. Qc2 Qf5 31. Qc3+ Qf6 32. Qc2 Rab7 33. Re4 Nd4 34. Qd1 Nxf3+ 35. Bxf3 Rxb2 36. Rf4 Qc3 37. Re3 Qxe3 38. fxe3 Rb1 39. Be2 R8b3 40. Rf3 Rxd1+ 41. Bxd1 Rxa3 42. Kf2 Ra1 43. Ke1 a3 44. Rf1 a2 45. Kf2 Rc1 0-1

[Event "JAM-ch"]
[Site "Kingston"]
[Date "2015.01.21"]
[Round "3"]
[White "Wilkinson, Ian"]
[Black "Wilson, Brandon"]
[Result "0-1"]
[WhiteElo "1889"]
[BlackElo "2099"]
[PlyCount "120"]
[EventDate "2015.01.17"]
[EventType "tourn"]
[EventRounds "11"]
[EventCountry "JAM"]
[SourceTitle "CBM 164 Extra"]
[Source "ChessBase"]
[SourceDate "2015.03.02"]
[SourceVersion "1"]
[SourceVersionDate "2015.03.02"]
[SourceQuality "1"]

1. e4 c5 2. Nf3 Nc6 3. d4 cxd4 4. Nxd4 g6 5. c4 Bg7 6. Be3 Nf6 7. Nc3 d6 8. Be2 Nxd4 9. Bxd4 Bd7 10. 0-0 Bc6 11. Qd3 0-0 12. f4 Nd7 13. Bxg7 Kxg7 14. Kh1 a5 15. Bf3 Nc5 16. Qd4+ f6 17. Rad1 Qb6 18. Rd2 Rad8 19. Rfd1 e5 20. Qe3 Qc7 21. g3 Rfe8 22. b3 Qe7 23. Re1 Qc7 24. Red1 Qe7 25. Re1 Qc7 26. Kg2 Rd7 27. Rde2 Ne6 28. Bg4 f5 29. Bh3 Nc5 30. Nd5 Bxd5 31. exd5 Rf7 32. Kg1 Qd8 33. fxe5 Rxe5 34. Qd4 Nd7 35. Rxe5 dxe5 36. Rxe5 Nxe5 37. Qxe5+ Qf6 38. Qe2 Re7 39. Qd2 Qb6+ 40. Kf1 Qe3 41. Qxe3 Rxe3 42. Bg2 b6 43. d6 Kf7 44. Bc6 Ke6 45. d7 Ke7 46. Ba4 Rc3 47. a3 Rc2 48. Kg1 Ra2 49. h3 g5 50. Bb5 Rxa3 51. Ba4 Rxa4 52. bxa4 Kxd7 53. Kf2 Kd6 54. Ke3 Ke5 55. h4 g4 56. h5 h6 57. Kd3 f4 58. gxf4+ Kxf4 59. Ke2 Kg5 60. Kf2 Kxh5 0-1

[Event "JAM-ch"]
[Site "Kingston"]
[Date "2013.05.12"]
[Round "9"]
[White "Wilkinson, Ian"]
[Black "Wisdom, Daren"]
[Result "0-1"]
[WhiteElo "1952"]
[BlackElo "1958"]
[PlyCount "76"]
[EventDate "2013.04.26"]
[EventType "tourn"]
[EventRounds "9"]
[EventCountry "JAM"]
[SourceTitle "CBM 154 Extra"]
[Source "ChessBase"]
[SourceDate "2013.06.25"]
[SourceVersion "2"]
[SourceVersionDate "2013.06.25"]
[SourceQuality "1"]

1. e4 g6 2. d4 Bg7 3. Nc3 d6 4. Be3 Nf6 5. f3 0-0 6. Qd2 a6 7. Bh6 b5 8. Bxg7 Kxg7 9. g4 e5 10. Nge2 c5 11. dxe5 dxe5 12. Qe3 Qe7 13. 0-0-0 Be6 14. g5 Nh5 15. Nd5 Bxd5 16. Rxd5 Rd8 17. Rxd8 Qxd8 18. Bh3 Nc6 19. Bg4 Nd4 20. Bxh5 Nxe2+ 21. Qxe2 Qxg5+ 22. Kb1 Qxh5 23. Rd1 c4 24. Rd5 Re8 25. a3 Re6 26. Qg2 Rf6 27. Qg3 Rxf3 28. Qg1 Rf4 29. Qb6 Rf1+ 30. Ka2 Qxh2 31. Qd6 Rf6 32. Qb4 Qxc2 33. Rd2 Qxe4 34. Rd8 Rf1 35. Qf8+ Kf6 36. Qd6+ Kg5 37. Qd2+ Kg4 38. a4 b4 0-1